LEADER 03707nam 22005173 450 001 9910888073903321 005 20251116150228.0 010 $a9783428573998 010 $a3428573994 035 $a(CKB)5690000000011528 035 $a(MiAaPQ)EBC7101334 035 $a(Au-PeEL)EBL7101334 035 $a(OCoLC)1347028789 035 $a(Exl-AI)7101334 035 $a(EXLCZ)995690000000011528 100 $a20221219d2022 uy 0 101 0 $ager 135 $aurcnu|||||||| 181 $ctxt$2rdacontent 182 $cc$2rdamedia 183 $acr$2rdacarrier 200 14$aDie Gemeindebetriebe in Ungarn $eGemeindebetriebe - Neuere Versuche und Erfahrungen über Die Ausdehnung der Kommunalen Tätigkeit in Deutschland und Im Ausland. III. Band, 5. Teil. Im Auftr. des Ver. Für Socialpol. Hrsg. Von Carl J. Fuchs. (Schriften des Vereins Für Socialpolitik 130-V) 205 $a1st ed. 210 1$aBerlin :$cDuncker & Humblot,$d2022. 210 4$d©1912. 215 $a1 online resource (184 pages) 225 1 $aDuncker & Humblot reprints 311 08$a9783428173990 311 08$a3428173996 327 $aInhaltsverzeichnis -- Erster Teil. Die Gemeindebetriebe der Stadt Budapest -- Erstes Kapitel. Die Triebkräfte der Kommunalisierung in Budapest -- 1. Verwaltungs- und gewinnbringende Betriebe -- 2. Die Kommunalfinanzen -- 3. Gemeindebetriebe und Volkswirtschaft -- 4. Konzessionen -- 5. Anleihewesen -- Zweites Kapitel. Die gegenwärtigen Betriebe der Gemeindeverwaltung -- I. Die Wasserwerke -- 1. Gründung und Entwicklung -- 2. Das finanzielle Ergebnis -- 3. Die Tarifpolitik -- II. Die Gaswerke -- 1. Gründung und Entwicklung -- 2. Finanzen -- III. Die Straßenbahnen -- IV. Die Plakatanstalt -- V. Betriebe zum Zwecke der Lebensmittelversorgung -- 1. Die kommunale Brotfabrik -- 2. Das Marktwesen -- 3. Die Schlachthäuser und Viehmärkte -- a) Gründung und Entwicklung -- b) Finanzielle Ergebnisse und Tarifpolitik -- 4. Die Markthallen -- 5. Die Viehmarktkasse -- 6. Die kommunale Pferdeschlüchterei -- 7. Der kommunale Lebensmittelverschleiß -- 8. Die Gemeindelagerhäuser -- 9. Die Tandlermarkthalle$7Generated by AI. 330 $aThis book, authored by Emerich Basch and published in 1912, explores the development and management of municipal enterprises in Budapest, Hungary. It provides an in-depth analysis of various public utilities and services, including waterworks, gasworks, street railways, and public health facilities. The book examines the historical context and driving forces behind the municipalization of these enterprises, highlighting the role of the state and local government in urban development. It discusses the financial, administrative, and political aspects of municipal management and the impact on public welfare. Intended for policymakers, economists, and scholars interested in urban studies and public administration, the book offers insights into the challenges and successes of municipal enterprises in early 20th-century Budapest.$7Generated by AI. 410 0$aDuncker & Humblot reprints 517 $aGemeindebetriebe in Ungarn 606 $aMunicipal services$7Generated by AI 606 $aPublic utilities$7Generated by AI 615 0$aMunicipal services 615 0$aPublic utilities 700 $aFuchs$b Carl Johannes$0148514 701 $aBasch$b Emerich$01769600 801 0$bMiAaPQ 801 1$bMiAaPQ 801 2$bMiAaPQ 906 $aBOOK 912 $a9910888073903321 996 $aDie Gemeindebetriebe in Ungarn$94241370 997 $aUNINA